Tutti i piloti nella storia della Racing Bulls/Alpha Tauri/Toro Rosso - Statistics

Statistiche generali
  • Questo quiz è stato fatto 23 volte
  • Il punteggio medio è 10 su 18
Statistiche sulle risposte
Anni corsi Pilota Nome scuderia % Corretto
2015-2016 Verstappen Toro rosso
95%
2007-2008 Vettel Toro rosso
90%
2023-20242025 Lawson Alpha Tauri/Racing Bulls
81%
2015-2017 Sainz Toro rosso
81%
2021-2025 Tsunoda Alpha Tauri/Racing Bulls
81%
2017-2022 Gasly Toro rosso/Alpha Tauri
76%
2012-20132023-2024 Ricciardo Toro rosso/Alpha tauri/Racing Bulls
71%
2025 Hadjar Racing Bulls
67%
2019 Albon Toro rosso
57%
20142016-2017 2019-2020 Kvjat Toro rosso/Alpha Tauri
48%
2017-2018 Hartley Toro rosso
38%
2023 De Vries Alpha Tauri
33%
2006-2007 Liuzzi Toro rosso
33%
2009-2011 Alguersuari Toro rosso
29%
2008-2009 Bourdais Toro rosso
29%
2009-2011 Buemi Toro rosso
29%
2006-2007 Speed Toro rosso
29%
2012-2014 Vergne Toro rosso
24%
Nessun quiz corrispondente trovato
Distribuzione punteggi
Percentuale di utenti per punteggio
Percentile per numero di risposta
I tuoi punteggi nel tempo
Non hai fatto questo quiz